आई तुला कशी म्हणू मी? (Record no. 1036012)

MARC details
000 -LEADER
fixed length control field 00718nam a2200181Ia 4500
008 - FIXED-LENGTH DATA ELEMENTS--GENERAL INFORMATION
fixed length control field 151018s9999 xx 000 0 und d
082 ## - DEWEY DECIMAL CLASSIFICATION NUMBER
Item number RBASDV36565
Classification number 891.462
100 ## - MAIN ENTRY--PERSONAL NAME
Personal name लक्ष्मीपुत्र लक्ष्मन
245 ## - TITLE STATEMENT
Title आई तुला कशी म्हणू मी?
250 ## - EDITION STATEMENT
Remainder of edition statement 4
260 ## - PUBLICATION, DISTRIBUTION, ETC. (IMPRINT)
Name of publisher, distributor, etc ललित नाट्य प्रकाशन
Date of publication, distribution, etc 1979
300 ## - PHYSICAL DESCRIPTION
Extent 80
600 ## - SUBJECT ADDED ENTRY--PERSONAL NAME
Personal name लक्ष्मीपुत्र लक्ष्मन
630 ## - SUBJECT ADDED ENTRY--UNIFORM TITLE
Uniform title आई तुला कशी म्हणू मी?
700 ## - ADDED ENTRY--PERSONAL NAME
Personal name लक्ष्मीपुत्र लक्ष्मन
730 ## - ADDED ENTRY--UNIFORM TITLE
Uniform title आई तुला कशी म्हणू मी?
942 ## - ADDED ENTRY ELEMENTS (KOHA)
Koha item type Book
Holdings
Withdrawn status Lost status Damaged status Not for loan Home library Current library Date acquired Cost, normal purchase price Total Checkouts Full call number Barcode Date last seen Cost, replacement price Price effective from Koha item type
        R.B. Anant Shivaji Desai Vachanalaya and Granthalaya, Kudal R.B. Anant Shivaji Desai Vachanalaya and Granthalaya, Kudal 05/04/2009 18.00   RBASDV36565 RBASDV36565 10/18/2015 18.00 10/18/2015 Book